Welcome to CU Library Online Public Access Catalogue (OPAC)

Analytic geometry / (Record no. 1296)

MARC details
000 -LEADER
fixed length control field 00571pam a2200205 i 4500
001 - CONTROL NUMBER
control field 3684003
005 - DATE AND TIME OF LATEST TRANSACTION
control field 20241118161010.0
008 - FIXED-LENGTH DATA ELEMENTS--GENERAL INFORMATION
fixed length control field 790102s1979 maua 001 0 eng
020 ## - INTERNATIONAL STANDARD BOOK NUMBER
International Standard Book Number 0201024144
050 00 - LIBRARY OF CONGRESS CALL NUMBER
Classification number QA551
Item number .F87 1979
082 00 - DEWEY DECIMAL CLASSIFICATION NUMBER
Classification number 516/.3
100 1# - MAIN ENTRY--PERSONAL NAME
Personal name Fuller, Gordon,
Dates associated with a name 1894-
245 10 - TITLE STATEMENT
Title Analytic geometry /
Statement of responsibility, etc. Gordon Fuller.
250 ## - EDITION STATEMENT
Edition statement 5th ed.
260 ## - PUBLICATION, DISTRIBUTION, ETC.
Place of publication, distribution, etc. Reading, Mass. :
Name of publisher, distributor, etc. Addison-Wesley Pub. Co.,
Date of publication, distribution, etc. c1979.
300 ## - PHYSICAL DESCRIPTION
Extent xii, 334 p. :
Other physical details ill. ;
Dimensions 24 cm.
500 ## - GENERAL NOTE
General note Includes index.
650 #0 - SUBJECT ADDED ENTRY--TOPICAL TERM
Topical term or geographic name entry element Geometry, Analytic.
942 ## - ADDED ENTRY ELEMENTS (KOHA)
Source of classification or shelving scheme Library of Congress Classification
Koha item type Books
Edition 5th Ed.
Suppress in OPAC No
999 ## -
-- 1296
-- 1296
Holdings
Withdrawn status Lost status Source of classification or shelving scheme Damaged status Not for loan Collection Home library Current library Shelving location Date acquired Total checkouts Full call number Barcode Date last seen Copy number Price effective from Koha item type
    Library of Congress Classification     Non-fiction Science Library (Miotso) Science Library (Miotso) General stacks 11/18/2024   QA551 .F87 FUL SLM00000661 11/18/2024 1 11/18/2024 Books
© 2023-2024 Copyright: Central University Libraries. All Rights Reserved | Created by: Mahone Tech Office